000 00592nam a2200217Ia 4500
001 9326
003 GE_BSU
008 181216s||||||||xx |||||||||||||| ||und||
040 _cGE_BSU
080 _a621.3.01
100 _aМансуров,Н.Н. Попов,В.С.
245 _aТеоретическая электроника.
245 _cРед.Е.Г.Рижин.
260 _aМ.
260 _bЭнергия.
260 _c1968.
300 _a576 стр. с илл. 22 см.
300 _eтабл.
653 _aТеоретическая электроника.
942 _cBK
999 _c42622
_d42622